| 000 | 01660nam0a2200361 4500 | ||
|---|---|---|---|
| 001 | RU\NLR\BIBL_A\022077673 | ||
| 005 | 20231214144610.0 | ||
| 010 |
_a978-5-9781-0924-5 _920000 |
||
| 021 |
_aRU _bКН-П-23-066648 _9КН-П-23-6782 |
||
| 035 | _a(NLR Aleph) 022077673 | ||
| 090 |
_a12679584 _c12679584 |
||
| 100 | _a20231120d2023 d y0rusy50 ca | ||
| 101 | 0 | _arus | |
| 102 | _aRU | ||
| 105 | _aa z 000ay | ||
| 181 | 0 |
_ai3 _baxxe |
|
| 181 | 0 |
_ab2 _bbb2e |
|
| 182 | 0 | _an | |
| 200 | 1 |
_aПриключения барона Мюнхгаузена _e[для среднего школьного возраста] _fРудольф Эрих Распе _gпересказ Корнея Чуковского _gхудожник Ольга Подивилова |
|
| 203 |
_aТекст _aИзображение _bвизуальные _cнепосредственные |
||
| 210 |
_aМосква _cСамовар-книги _d2023 |
||
| 215 |
_a92, [3] с. _cцв. ил. _d22 |
||
| 225 | 1 | _aШкольная библиотека | |
| 300 | _aПроизведение печатается без сокращений | ||
| 686 | _aШ9(4Г)62-4 | ||
| 700 | 1 |
_4070 _7ca _8rus _aРаспе _bР. Э. _f1737-1794 _gРудольф Эрих _9112459 _3RU\NLR\AUTH\772447 |
|
| 702 | 1 |
_4570 _7ca _8rus _aЧуковский _bК. И. _f1882-1969 _gКорней Иванович _9111544 _3RU\NLR\AUTH\771522 |
|
| 702 | 1 |
_4440 _aПодивилова _bО. В. _f1972- _gОльга Васильевна _9151004 _3RU\NLR\AUTH\770151042 |
|
| 942 | _cBOOK | ||
| 980 | _aNB | ||